The office (US) characters - Statistics

General Stats
  • This quiz has been taken 25 times
  • The average score is 6 of 10
Answer Stats
Hint Answer % Correct
Burns his foot Michael Gary Scott
87%
Her mother's name is Helene Pamela Beesly
80%
Shaves her head Meredith Palmer
73%
Buys a house with a clown art piece in it Jim Halpert
67%
Has a Froggy 101 sticker Dwight K. Schrute
60%
He looks like Lincoln Gabe
60%
Wins the cutest redhead in the office Kelly Erin Hannon
60%
First to slap Michael Scott Kelly Kapoor
47%
Thinks Susan California is a bitch Ryan
33%
Doesn't help Jim when Roy tries to attack him but he is there when Pam cries Brian
20%
No matching quizzes found
Score Distribution
Percent of People with Each Score
Percentile by Number Answered
Your Score History
You have not taken this quiz